| 000 | 00642nam a22002177a 4500 | ||
|---|---|---|---|
| 003 | OSt | ||
| 005 | 20260421034026.0 | ||
| 008 | 250715b |||||||| |||| 00| 0 eng d | ||
| 020 | _a9780060081591 | ||
| 040 |
_aDWCL - Main lib _cOC |
||
| 082 | _aCirc. 613.2 A873d 2002 | ||
| 100 | _aAtkins, Robert | ||
| 245 | _aDr. Atkins new diet revolution | ||
| 250 | _aNew edition. | ||
| 260 |
_aNew York : _b Quill, _cc2002. |
||
| 300 |
_a xiv, 540 pages ; _c21 cm. |
||
| 504 | _aIncludes bibliographical references and index. | ||
| 650 | _a1. Low-carbohydrate diet | ||
| 650 | _a2.Weight loss. | ||
| 942 |
_2ddc _cBK-CIRC _eNew edition. _kCirc. _n0 |
||
| 999 |
_c3680 _d3680 |
||